Love Actually cast Quiz Stats

 Plays Quiz not verified by Sporcle

Challenge
Share
Tweet
Embed
Score 0/33 Timer 12:00
0 Plays Today
Character Actor % Correct
The Prime MinisterHugh Grant
86.5%
Billy MackBill Nighy
82.7%
DanielLiam Neeson
82.7%
KarenEmma Thompson
80.8%
HarryAlan Rickman
80.8%
JamieColin Firth
78.8%
JulietKeira Knightley
75%
Rufus - Jewellery SalesmanRowan Atkinson
71.2%
JohnMartin Freeman
69.2%
SarahLaura Linney
59.6%
The US PresidentBilly Bob Thornton
53.8%
SamThomas Brodie-Sangster
50%
CarolClaudia Schiffer
48.1%
MarkAndrew Lincoln
46.2%
NatalieMartine McCutcheon
38.5%
Colin FrissellKris Marshall
36.5%
Just JudyJoanna Page
32.7%
Character Actor % Correct
Jeannie - American AngelJanuary Jones
28.8%
Carla - the Real Friendly OneDenise Richards
28.8%
PeterChiwetel Ejiofor
19.2%
Carol-Anne - American GoddessElisha Cuthbert
17.3%
Joanna AndersonOlivia Olson
15.4%
JoeGregor Fisher
11.5%
KarlRodrigo Santoro
11.5%
Daisy Lulu Popplewell
9.6%
Harriet - the Sexy OneShannon Elizabeth
9.6%
MiaHeike Makatsch
5.8%
AureliaLĂșcia Moniz
5.8%
Stacey - American DreamgirlIvana Milicevic
5.8%
Jamie's GirlfriendSienna Guillory
3.8%
AnnieNina Sosanya
3.8%
BernieWilliam Wadham
3.8%
TonyAbdul Salis
3.8%

You're not logged in!

Compare scores with friends on all Sporcle quizzes.
Join for Free
OR
Log In

You Might Also Like...

Show Comments

Extras

Top Quizzes Today


Score Distribution

Your Account Isn't Verified!

In order to create a playlist on Sporcle, you need to verify the email address you used during registration. Go to your Sporcle Settings to finish the process.

Report this User

Report this user for behavior that violates our Community Guidelines.

Details: